Jugadores españoles en la Ligue 1 en el siglo XXI - Estadísticas

Estadísticas generales
  • Esta prueba ha sido intentada 15 veces
  • La puntuación promedio es 10 de 49
Estadísticas de respuestas
Temporada de debut Club de debut Partidos totales en Ligue 1 Jugador % Correcto
2022-23 PSG 98 Fabián Ruiz
92%
2019-20 Olympique Marsella 58 Álvaro González
50%
2025-26 Mónaco 25 Ansu Fati
50%
2018-19 Toulouse 31 Manu García
50%
2019-20 PSG 58 Ander Herrera
42%
2022-23 PSG 50 Carlos Soler
42%
2025-26 PSG 12 Dro Fernández
42%
2016-17 PSG 12 Jesé Rodríguez
42%
2018-19 PSG 89 Juan Bernat
42%
2021-22 PSG 45 Sergio Ramos
42%
2001-02 Olympique Marsella 11 Alfonso Pérez
33%
2013-14 Mónaco 1 Borja López
33%
2018-19 Angers 19 Cristian López
33%
2003-04 Mónaco 40 Fernando Morientes
33%
2005-06 Mónaco 13 Gerard López
33%
2023-24 PSG 31 Marco Asensio
33%
2021-22 Olympique Marsella 95 Pau López
33%
2019-20 PSG 13 Sergio Rico
33%
2010-11 Arles-Avignon 26 Francisco Pavón
25%
2000-01 PSG 31 Mikel Arteta
25%
2023-24 PSG 7 Arnau Tenas
17%
2010-11 Olympique Marsella 47 César Azpilicueta
17%
2018-19 Mónaco 54 Cesc Fàbregas
17%
2025-26 Niza 23 Kevin Carlos
17%
2020-21 Nantes 151 Pedro Chirivella
17%
2015-16 Olympique Lyon 52 Sergi Darder
17%
2003-04 Girondins Burdeos 27 Albert Celades
8%
2003-04 Girondins Burdeos 53 Albert Riera
8%
2010-11 Arles-Avignon 12 Álvaro Mejía
8%
2015-16 Olympique Marsella 31 Javier Manquillo
8%
2019-20 PSG 64 Pablo Sarabia
8%
2020-21 Olympique Marsella 75 Pol Lirola
8%
2022-23 Olympique Marsella 8 Rubén Blanco
8%
2017-18 PSG 22 Yuri Berchiche
8%
2001-02 Olympique Marsella 12 Alberto Rivera
0%
2024-25 Toulouse 1 Álex Domínguez
0%
2017-18 Stade Rennes 11 Brandon Thomas
0%
2023-24 Toulouse 16 César Gelabert
0%
2001-02 PSG 63 Cristóbal Parralo
0%
2004-05 Saint-Etienne 10 Javier Garrido
0%
2017-18 Mónaco 10 Jordi Mboula
0%
2000-01 Toulouse 3 José Javier Barkero
0%
2003-04 Olympique Marsella 43 Koke Contreras
0%
2007-08 Olympique Lyon 8 Marc Crosas
0%
2021-22 Clermont Foot 63 9 Oriol Busquets
0%
2000-01 PSG 4 Quique De Lucas
0%
2019-20 Girondins Burdeos 9 Rubén Pardo
0%
2023-24 Stade Rennes 43 Sergio Akieme
0%
2018-19 Girondins Burdeos 31 Sergi Palencia
0%
No se encontraron pruebas coincidentes
Distribución de puntuación
Porcentaje de gente con cada puntuación
Porcentaje por número respondido
Historial de tus puntuaciones
No has intentado esta prueba.